000 00744nam a2200205 i 4500
001 46140
003 ES-MaACL
005 20250828084003.0
007 t|
008 030327s1954 fr ||||1| fre d
111 2 _aConférence Internationale de l'Instruction Publique (
_d1954.
_cGinebra)
_9155
245 1 0 _aXVIIe Conférence Internationale de l'Instruction Publique, Genève, 1954.
260 _aParis, etc. :
_bUNESCO,
_c1954.
300 _a147 p. ;
_c24 cm.
490 1 _aPublications du Bureau International d'Education ;
_v158
710 2 0 _aOficina Internacional de Educación
_96022
830 0 _aPublications du Bureau International d'Education ;
_v158
_9181740
852 _aES-MaACL
_jC-9206
_bR.36595
999 _c46140
_d46140